000 00319nam a2200133Ia 4500
005 20251222140036.0
008 251222s1900||||xx |||||||||||||| ||spa||
020 _a84-451-2235-5
082 _a232.923/H53
100 _aHildesheim, Juan de
245 0 _aEl Libro de los Reyes Magos
264 _bEncuentro
942 _cLIB
999 _c3140
_d3140